| 000 | 00965nam a2200301 i 4500 | ||
|---|---|---|---|
| 001 | 57889 | ||
| 003 | ES-MaACL | ||
| 005 | 20230906163656.0 | ||
| 007 | t| | ||
| 008 | 031020s1977 sp ||||1| spa d | ||
| 020 | _a84-323-0300-3 | ||
| 080 | _a308(44)"07/13" | ||
| 080 | _a944"07/13" | ||
| 100 | 1 |
_aDuby, Georges. _945797 |
|
| 245 | 1 | 0 |
_aHombres y estructuras de la Edad Media / _cpor Georges Duby ; prólogo de Reyna Pastor ; [traducción, Arturo Roberto Firpo]. |
| 250 | _a1ª ed. | ||
| 260 |
_aMadrid : _bSiglo Veintiuno de España, _c1977. |
||
| 300 |
_a287 p. : _bil. ; _c21 cm. |
||
| 490 | 1 | _aHistoria | |
| 504 | _aReferencias bibliográficas. | ||
| 651 | 4 |
_aFrancia- _xSituación social- _yS.V-XV. _9156504 |
|
| 651 | 4 |
_aFrancia- _xInstituciones- _xHistoria. _9156505 |
|
| 700 | 1 |
_aPastor de Togneri, Reyna. _989502 |
|
| 700 | 1 |
_aFirpo, Arturo. _9140506 |
|
| 830 | 1 |
_aHistoria _9177536 |
|
| 852 |
_aES-MaACL _jA-8882 |
||
| 999 |
_c57889 _d57889 |
||